Score 0/10 Timer 01:00
0 Plays Today
% Correct
United Kingdom
92.9%
Scotland
84.4%
Wales
84.2%
England
81.8%
Isle of Man
65.1%
Gibraltar
50.9%
Bermuda
48.7%
Anguilla
48.1%
Guernsey
47.4%
British Indian Ocean Territory
45.6%

Today's Daily Dose

Missing Word
The Unexplained

Quick Pick
Sunday Things

Get the Picture
Beat It or Eat It?

You're not logged in!

Compare scores with friends on all Sporcle quizzes.
OR
Log In

Sporcle TV

Today on Sporcle TV


Watch our educational content, quiz creation guides, and fun videos on Sporcle TV.

Show Comments

Extras

Top Quizzes Today


Score Distribution

Paid Content

Your Account Isn't Verified!

In order to create a playlist on Sporcle, you need to verify the email address you used during registration. Go to your Sporcle Settings to finish the process.

Report this User

Report this user for behavior that violates our Community Guidelines.

Details: